| 000 | 00548nam a2200193 a 4500 | ||
|---|---|---|---|
| 005 | 20240924065752.0 | ||
| 008 | 020219s2000 r 000 0 eng d | ||
| 020 | _a9681849205 | ||
| 035 | _aUPN01000116263 | ||
| 049 | _aCG | ||
| 050 | 4 |
_aHF5549.5 T7 _bS5.2 2000 |
|
| 100 | 1 |
_aSiliceo Aguilar, Alfonso _930016 |
|
| 245 | 1 | 0 |
_aCapacitación y desarrollo de personal / _cAlfonso Siliceo Aguilar. |
| 250 | _a3a ed. | ||
| 260 |
_aMéxico : _bLimusa, _cc2000. |
||
| 300 |
_a210 p. : _bil. |
||
| 650 | 4 |
_aEmpleados _xCapacitación _9979 |
|
| 905 | _aLibro | ||
| 999 |
_c89014 _d89014 |
||